000 00423nam a22001457a 4500
020 _a978-1-40533-658-1
082 _a030
_bLOV/N
100 _aLOVE, CARRIOE
245 _aTHE NEW CHILDREN'S ENCYCLOPEDIA
260 _aLONDON
_bDK LIMITED
_c2009
300 _a304
520 _aWITH MORE THAN 9000 INDEXED ENTRIES, FACTS, AND STATS, AND 2500 FULL-COLOUR ILLUSTRATIONS
650 _aENCYCLOPEDIA
_zUNITED KINGDOM
942 _cBK
999 _c1866
_d1866